23/24 Premier League teams, managers, captains and top scorers - Statistics

General Stats
  • This quiz has been taken 74 times
  • The average score is 48 of 67
Answer Stats
Answer % Correct
Bruno Fernandes
100%
Bukayo Saka
100%
Erik ten Hag
100%
Erling Haaland
100%
Jürgen Klopp
100%
Mikel Arteta
100%
Mohamed Salah
100%
Ollie Watkins
100%
Pep Guardiola
100%
Virgil van Dijk
100%
Alexander Isak
92%
Chris Wood
92%
Eddie Howe
92%
Martin Ødegaard
92%
Thomas Frank
92%
Unai Emery
92%
Ange Postecoglou
83%
Dominic Calvert-Lewin
83%
Dominic Solanke
83%
Heung-min Son
83%
Jarrod Bowen
83%
Mauricio Pochettino
83%
Nuno Espírito Santo
83%
Oliver Glasner
83%
Rasmus Højlund
83%
Reece James
83%
Sean Dyche
83%
Vincent Kompany
83%
Andoni Iraola
75%
Cole Palmer
75%
David Moyes
75%
Jean-Philippe Mateta
75%
John McGinn
75%
Marco Silva
75%
Roy Hodgson
75%
Yoane Wissa
75%
Christian Nørgaard
67%
Gary O'Neil
67%
Jamaal Lascelles
67%
João Pedro
67%
Kyle Walker
67%
Neto
67%
Séamus Coleman
67%
Steve Cooper
67%
Tom Cairney
67%
Abdoulaye Doucouré
58%
Carlton Morris
58%
Chris Wilder
58%
Lewis Dunk
58%
Paul Heckingbottom
58%
Roberto De Zerbi
58%
Rodrigo Muniz
58%
Jacob Bruun Larsen
50%
Joel Ward
50%
Joe Worrall
50%
Matheus Cunha
50%
Rob Edwards
50%
Ryan Yates
50%
Jack Cork
42%
John Egan
42%
Oli McBurnie
42%
Tom Lockyer
42%
Hee-chan Hwang
33%
Kurt Zouma
33%
Anel Ahmedhodžić
25%
Ben Brereton Díaz
25%
Max Kilman
25%
No matching quizzes found
Score Distribution
Percent of People with Each Score
Percentile by Number Answered
Your Score History
You have not taken this quiz